00606nam a22001457a 450000500170000000800410001704100090005810000170006711000150008424502190009926001050031830000110042394200070043499900190044120240601151309.0240601b |||||||| |||| 00| 0 eng d aEng. aM.S. Shalini aDr. Tulshi aA Study To Assess The Impact Of awarness Program On Inherited Comprehension And Expressed praticeRegarding unsafe Abortion And Its Consequences Among Students In Seleted Arts Colleges At Gandhinagar District (Ph.D) aRajasthanbShri Jagdishprasad Jhabarmal Tibrewala University vidyanagari Jhunjhunu , Rajasthanc2023 aPg.266 cDN c358052d358052